000 00675nam a22001577a 4500
003 OSt
005 20161101103442.0
008 161101b xxu||||| |||| 00| 0 eng d
040 _cRUA
082 _aVEM CHH 2015 B525 Or.1
100 _911059
_aCHHORN CHANTHA; ឆន ចន្ថា
245 _aSurvey on foot and mouth disease and haemorrhagic septicemia in cattle in bosedth district, kampong speu province, អង្កេតលើជំងឺអុតក្ដាម និងសាទឹកគោនៅស្រុកបរសេដ្ឋ ខេត្តកំពង់ស្ពឺ
260 _aRUA
_bCHH
_c2015
300 _aix,41p.
_bill.
_c29cm.
942 _2ddc
_cVEM
999 _c10644
_d10644